English grammer and composition / (Record no. 169687)

MARC details
000 -LEADER
fixed length control field 00795nam a22002177a 4500
005 - DATE AND TIME OF LATEST TRANSACTION
control field 20191129111856.0
010 ## - LCCN (DPL NO)
LC control number B-731098
020 ## - INTERNATIONAL STANDARD BOOK NUMBER
International Standard Book Number 9789386761873
Terms of availability 695.00
035 ## - SYSTEM CONTROL NUMBER
System control number B-731098
037 ## - SOURCE OF ACQUISITION
Source of stock number/acquisition Ane Books
082 ## - DEWEY DECIMAL CLASSIFICATION NUMBER
Classification number 485
100 ## - MAIN ENTRY--PERSONAL NAME
Personal name Mukherjee, Gurudas
245 ## - TITLE STATEMENT
Title English grammer and composition /
Medium
Statement of responsibility, etc by Gurudas Mukherjee; edited by Indibar Mukherjee
250 ## - EDITION STATEMENT
Edition statement 16th ed.
260 ## - PUBLICATION, DISTRIBUTION, ETC. (IMPRINT)
Place of publication, distribution, etc New Delhi
Name of publisher, distributor, etc Ane Books
Date of publication, distribution, etc 2018
270 ## - ADDRESS
Address 4821, Parwana Bhawan, 1st Floor, 24 Ansari Road, Daryaganj
City New Delhi
Postal code 110002
300 ## - PHYSICAL DESCRIPTION
Extent xiv,492p.
Dimensions 22cm(Hb)
700 ## - ADDED ENTRY--PERSONAL NAME
Personal name Mukherjee, Indibar
942 ## - ADDED ENTRY ELEMENTS (KOHA)
Source of classification or shelving scheme Dewey Decimal Classification
Item type English Books
Call number suffix MUK
Classification part 485
Holdings
Withdrawn status Lost status Not for loan Collection code Home library Current library Date acquired Source of acquisition Cost, normal purchase price Full call number Barcode Copy number Cost, replacement price Koha item type
      Non-fiction Central Library Central Library 29/11/2019 Gift/ Eng./13.11.2019 695.00 485 MUK B-731098 1 695.00 English Books

© Delhi Public Library
Hit Counter
free hit counter